[Event "SLO-chT2 West"]
[Site "Kranj"]
[Date "2005.10.16"]
[Round "4.4"]
[White "Mezek, Darko"]
[Black "Krek, Janez"]
[Result "1/2-1/2"]
[WhiteElo "1500"]
[BlackElo "1833"]
[PlyCount "109"]
[EventDate "2005.10.14"]
[EventType "team"]
[EventRounds "5"]
[EventCountry "SLO"]
[SourceTitle "EXT 2009"]
[Source "ChessBase"]
[SourceDate "2008.11.26"]
[SourceVersion "1"]
[SourceVersionDate "2008.11.26"]
[SourceQuality "1"]

1. c4 e5 2. Nc3 c5 3. g3 g6 4. Bg2 Bg7 5. e3 Nc6 6. a3 Nge7 7. Nge2 0-0 8. 0-0 d6 9. Nd5 f5 10. Nec3 Rb8 11. Rb1 e4 12. d3 exd3 13. Qxd3 Ne5 14. Qe2 Be6 15. f4 N5c6 16. Rd1 a6 17. Qd3 Nc8 18. b4 Kh8 19. b5 axb5 20. Rxb5 N6e7 21. Bb2 Bd7 22. Rb3 Be6 23. Nb5 Nxd5 24. Bxg7+ Kxg7 25. Bxd5 Bd7 26. Bg2 Bxb5 27. Rxb5 Qe7 28. e4 fxe4 29. Bxe4 Na7 30. Rb6 Nc8 31. Rb2 Re8 32. Qc3+ Kh6 33. Re1 b5 34. Rbe2 b4 35. axb4 cxb4 36. Qb3 Qa7+ 37. Kg2 Qa3 38. Qxa3 bxa3 39. Ra2 Rb3 40. Kf2 Nb6 41. Bc2 Rxe1 42. Bxb3 Rc1 43. Rxa3 Rc3 44. g4 g5 45. fxg5+ Kxg5 46. Ra5+ Kf4 47. Bd1 Nxc4 48. Rf5+ Ke4 49. Bf3+ Kd3 50. Be2+ Ke4 51. Rf7 Ne5 52. Rxh7 d5 53. Re7 Rh3 54. Kg2 Rc3 55. Kf2 1/2-1/2